MyGZULibrary

Reading and writing from literature / (Record no. 3979)

MARC details
000 -LEADER
fixed length control field 01118cam a2200301 a 4500
001 - CONTROL NUMBER
control field 13425073
003 - CONTROL NUMBER IDENTIFIER
control field GZU
005 - DATE AND TIME OF LATEST TRANSACTION
control field 20210311085728.0
008 - FIXED-LENGTH DATA ELEMENTS--GENERAL INFORMATION
fixed length control field 031205s2005 maua 000 0 eng
010 ## - LIBRARY OF CONGRESS CONTROL NUMBER
LC control number 2003116168
020 ## - INTERNATIONAL STANDARD BOOK NUMBER
International Standard Book Number 061845411X (pbk.)
040 ## - CATALOGING SOURCE
Original cataloging agency DLC
Transcribing agency DLC
050 00 - LIBRARY OF CONGRESS CALL NUMBER
Classification number PE1479.C7
Item number SCH 2005
100 1# - MAIN ENTRY--PERSONAL NAME
Personal name Schwiebert, John E.,
Dates associated with a name 1955-
245 10 - TITLE STATEMENT
Title Reading and writing from literature /
Statement of responsibility, etc. John Schwiebert.
250 ## - EDITION STATEMENT
Edition statement 3rd ed.
260 ## - PUBLICATION, DISTRIBUTION, ETC.
Place of publication, distribution, etc. Boston :
Name of publisher, distributor, etc. Houghton Mifflin Co.,
Date of publication, distribution, etc. c2005.
300 ## - PHYSICAL DESCRIPTION
Extent xxiv, 1220 p., G-15, 6 p. of plates :
Other physical details ill. (some col.) ;
Dimensions 24 cm.
500 ## - GENERAL NOTE
General note Rev. ed of: 2nd. ed, 1997. With col. plates.
650 #0 - SUBJECT ADDED ENTRY--TOPICAL TERM
Topical term or geographic name entry element English language
General subdivision Rhetoric
-- Problems, exercises, etc.
650 #0 - SUBJECT ADDED ENTRY--TOPICAL TERM
Topical term or geographic name entry element Literature
General subdivision Appreciation
-- Problems, exercises, etc.
650 #0 - SUBJECT ADDED ENTRY--TOPICAL TERM
Topical term or geographic name entry element Criticism
General subdivision Authorship
-- Problems, exercises, etc.
650 #0 - SUBJECT ADDED ENTRY--TOPICAL TERM
Topical term or geographic name entry element Report writing
General subdivision Problems, exercises, etc.
650 #0 - SUBJECT ADDED ENTRY--TOPICAL TERM
Topical term or geographic name entry element College readers.
906 ## - LOCAL DATA ELEMENT F, LDF (RLIN)
a 7
b cbc
c orignew
d 3
e epcn
f 20
g y-gencatlg
942 ## - ADDED ENTRY ELEMENTS (KOHA)
Source of classification or shelving scheme Library of Congress Classification
Koha item type Books
Edition 3rd ed.
Classification part 1479.C7
Item part SCH
Call number prefix PE
Holdings
Withdrawn status Lost status Damaged status Not for loan Collection code Home library Current library Shelving location Date acquired Total Checkouts Full call number Barcode Date last seen Copy number Price effective from Koha item type Inventory number
        Non-fiction City Campus Library City Campus Library General Stacks 03/11/2021   PE1479 SCH 2005 023380 03/11/2021 c.1 03/11/2021 Books  
        Non-fiction Mashava Campus Library Mashava Campus Library General Stacks 05/17/2015   PE1479 SCH 2005 023382 05/17/2021 c.2 05/17/2021 Books 023382
        Non-fiction Mashava Campus Library Mashava Campus Library General Stacks 05/17/2015   PE1479 SCH 2005 023381 05/17/2021 c.3 05/17/2021 Books 023381
        Non-fiction Mashava Campus Library Mashava Campus Library General Stacks 05/17/2015   PE1479 SCH 2005 000689 05/17/2021 c.4 05/17/2021 Books 22224